| Поле | Инд. | ПП | Название | Значение |
|---|---|---|---|---|
| Тип записи | a | |||
| Библиографический уровень | m | |||
| 001 | Контрольный номер | a95790c6-243c-44c8-9ff4-4771c3cb5996 | ||
| 005 | Дата корректировки | 20140226173051.7 | ||
| 008 | Кодируемые данные | 20010201s?a aznnnabbn zn aan | ||
| 020 | a | ISBN | 5-7639-0279-6 | |
| c | Цена, тираж | 3.00 | ||
| 040 | a | Служба первич. каталог. | RU-RKP | |
| a | Служба первич. каталог. | НБ ТвГУ | ||
| 041 | a | Код языка текста | rus | |
| 080 | a | Индекс УДК | 64.021 | |
| 084 | a | Индекс другой классификации/Индекс ББК | М79 | |
| 090 | x | Авторский знак | К96 | |
| a | Полочн. индекс | М79 | ||
| 100 | 1_ | a | Автор | Кушина Аэлита Павловна |
| 245 | 10 | a | Заглавие | Семейная экономика |
| b | Продолж. заглавия | 1000 советов по домоводству | ||
| c | Ответственность | А. Кушина, М. Кушин | ||
| 260 | 0_ | a | Место издания | Тула |
| b | Издательство | Приок. кн. изд-во | ||
| c | Дата издания | 1991 | ||
| 300 | a | Объем | 254,[1] с. | |
| c | Размеры | 20 см | ||
| 440 | a | Серия | Семейный собеседник | |
| 504 | a | Библиография | Библиогр.: с. 252-253 | |
| 650 | a | Основная рубрика | Домоводство | |
| 700 | 1_ | a | Другие авторы | Кушин Михаил Александрович |
| e | Роль лиц | авт. | ||
| 852 | t | Порядковый номер экземпляра | 1 | |
| p | Инвентарный номер | 619180 | ||
| 999 | a | Подразделение 2 | ч.з. |